Premeny vesmíru

Bibliographic Details
Main Author: Štohl, Ján, 1932-1993 (Author)
Format: Article
Language:Slovak
PhysicalDescription:Obr. 2.
Subjects:

MARC

LEADER 00000nab a2200000 a 4500
001 vtls000255869
003 SK-MaSNL
005 20260302221117.0
008 111130c1986 xo 0 slo
015 |a SNBRB19rr/mm-uuuuu 
035 |a CL0265983 
040 |a SNKBUCL  |b slo  |c SNKBUCL  |e AACR2 
041 0 |a slo 
044 |a xo  |c SK 
080 |a 524.85+524.3-54-56  |2 1981 
080 |a 524.3-54-56  |2 1981 
100 1 |a Štohl, Ján,  |d 1932-1993  |4 aut  |9 38443 
245 1 0 |a Premeny vesmíru  |c Ján Štohl 
300 |b Obr. 2. 
650 0 7 |a vesmír  |2 snkbucl  |9 1770 
650 0 7 |a hviezdy  |2 snkbucl  |9 731 
655 7 |a články z novín a časopisov  |2 snkbucl  |9 267496 
773 0 |t Príroda a spoločnosť  |g Roč. 35, č. 15 (1986), s. 8-11 
850 |a Slovenská národná knižnica v Martine  |a MTA001 
852 |a SNK  |b KIS3GCP 
958 |a RK 
992 |a RBX 
999 |c 1510113  |d 1512043